Elenca la formazione - Quiz n°114 - Statistics

Statistiche generali
  • Questo quiz è stato fatto 44 volte
  • Il punteggio medio è 9 su 11
Statistiche sulle risposte
Ruolo Nazione Calciatore % Corretto
Portiere Slovenia Jan Oblak
100%
Difensore Uruguay José Giménez
95%
Attaccante Portogallo João Félix
92%
Difensore Inghilterra Kieran Trippier
92%
Attaccante Spagna Álvaro Morata
82%
Centrocampista Ghana Thomas Partey
76%
Difensore Brasile Renan Lodi
71%
Centrocampista Spagna Saúl
71%
Difensore Brasile Felipe
68%
Centrocampista Messico Héctor Herrera
66%
Centrocampista Argentina Ángel Correa
63%
Nessun quiz corrispondente trovato
Distribuzione punteggi
Percentuale di utenti per punteggio
Percentile per numero di risposta
I tuoi punteggi nel tempo
Non hai fatto questo quiz